| 000 | 00655nam a2200217Ia 4500 | ||
|---|---|---|---|
| 005 | 20260429112141.0 | ||
| 008 | 260429s9999||||xx |||||||||||||| ||und|| | ||
| 020 | _a9781032769622 | ||
| 041 | _aEnglish | ||
| 082 |
_a615.8515 _bHAL |
||
| 100 | _aHaller, Rebecca L. | ||
| 245 | 0 |
_aHorticultural therapy methods : _bconnecting people and plants in health care, human services, and therapeutic programs / _cRebecca L. Haller |
|
| 250 | _a3rd ed. | ||
| 260 |
_aBoca Raton : _bCRC Press, _c2025. |
||
| 300 | _axvi, 243 p.; pbk | ||
| 650 | _a Plants | ||
| 650 | _a Therapy | ||
| 650 | _aHorticultural | ||
| 700 | _a Capra, Christine L. | ||
| 942 | _cTB | ||
| 999 |
_c52606 _d52606 |
||